| 000 | 00559nam a22002177a 4500 | ||
|---|---|---|---|
| 005 | 20170124110152.0 | ||
| 010 | _aB-012794 | ||
| 020 | _c00.00 | ||
| 035 | _aB-012794 | ||
| 037 | _bCen Lib/Ret | ||
| 040 |
_aDPL _bEN |
||
| 082 |
_a181.45 _bSHA |
||
| 100 |
_aShare to share, Prem _934242 |
||
| 245 |
_aYoga / _cby Prem Share to share |
||
| 260 |
_aBihar _bSharda Press _c1974 |
||
| 270 |
_aBihar _bBihar |
||
| 300 |
_a190p. _c20cm(Hb) |
||
| 650 |
_aHatha yoga _925409 |
||
| 650 |
_aExercise _923876 |
||
| 942 |
_2ddc _cEN _h181.45 _mSHA |
||
| 999 |
_c132292 _d132292 |
||